000 00428nam a2200181Ia 4500
005 20250603144951.0
008 250603s9999 xx 000 0 und d
020 _a9789351540205
050 _aTA 350 .M57/
100 _aMishra, Abhijeet
245 0 _aForces and laws of engineering mechanics
260 _aNew Delhi
260 _bVenus Books
260 _c2015
300 _a320 p
650 _aNew Delhi
942 _cBK
999 _c40486
_d40486